000 00795cab a2200253 4500
001 ABS49261
008 090401t1993 xxu||||| |||| 00| 0 eng d
035 _a(Sirsi) u70583
041 _aeng
100 _aPowell-Smith, V.
245 _aDecisions on a contingency
260 _c1993
350 _a0
490 _aContract Journal
_v396(5941) 9 September 1993,10-11(1)
520 _aDiscusses the outcome of "James R Knowles v Group Topek Holdings Ltd" 1993 on a claims consultants` right to remuneration. (Scottish case).
650 _aBUILT ENVIRONMENT-BUILDING CONTRACT FORMS
650 _aCLAIMS CONSULTANTS
650 _aCLAIMS
650 _aCONTRACT CLAIMS
650 _aWILKIE V SCOTTISH AVIATION LTD
690 _aBUILT ENVIRONMENT
942 _n0
948 _c04/03/1997
999 _c44408
_d44408